Länder, die einen Buchstaben enthalten - C - Statistiken

Allgemein
  • Dieses Quiz wurde 1.107 mal gespielt
  • Das Durchschnittsergebnis liegt bei 23 aus 32
Antwortstatistiken
Hinweis Land % Korrekt
1 x C China
96%
1 x C Chile
94%
1 x C Schweden
91%
1 x C Deutschland
88%
1 x C Schweiz
88%
1 x C Frankreich
81%
2 x C Costa Rica
80%
2 x C Tschechien
80%
1 x C Vereinigtes Königreich
80%
1 x C Griechenland
77%
1 x C Österreich
76%
1 x C Kasachstan
75%
1 x C Aserbaidschan
74%
1 x C Liechtenstein
72%
1 x C Tadschikistan
71%
1 x C Vereinigte Arabische Emirate
70%
1 x C Dominikanische Republik
68%
1 x C Zentralafrikanische Republik
67%
1 x C Dschibuti
65%
1 x C Tschad
65%
1 x C Bangladesch
64%
1 x C Demokratische Republik Kongo
64%
1 x C Ecuador
63%
1 x C Nicaragua
63%
1 x C Fidschi
62%
1 x C Seychellen
62%
1 x C Dominica
61%
1 x C Kambodscha
58%
1 x C Monaco
56%
1 x C St. Vincent und die Grenadinen
56%
1 x C St. Lucia
55%
1 x C São Tomé und Príncipe
39%
Keine übereinstimmenden Quizze gefunden
Verteilung der Resultate
Anzahl Personen mit jedem Resultat
Perzentil nach korrekt beantworteten Fragen
Ihre Resultats-Entwicklung
Sie haben dieses Quiz noch nicht gespielt